Η μετάβαση από μια βιομηχανική πόλη σε μια πόλη υπηρεσιών : η περίπτωση του Λαυρίου : πτυχιακή εργασία

Αποθηκεύτηκε σε:
Λεπτομέρειες βιβλιογραφικής εγγραφής
Κύριος συγγραφέας: Γιαννάδη, Ανθή
Συγγραφή απο Οργανισμό/Αρχή: Πανεπιστήμιο Αιγαίου. Σχολή Κοινωνικών Επιστημών. Τμήμα Γεωγραφίας
Άλλοι συγγραφείς: Θεάκου, Ευαγγελία, Δελλαδέτσιμας, Παύλος Μαρίνος Α. (Εισηγητής διατριβής)
Μορφή: Thesis Βιβλίο
Γλώσσα:Greek
Δημοσίευση: Μυτιλήνη : Πανεπιστήμιο Αιγαίου, Τμήμα Γεωγραφίας, 2003
Θέματα:
Ετικέτες: Προσθήκη ετικέτας
Δεν υπάρχουν, Καταχωρήστε ετικέτα πρώτοι!

MARC

LEADER 00000cam a2200000 i 4500
001 1/89649
008 051122s2002 gre d
035 |l 10081378 
040 |a GR-MY-UA  |b gre  |e aacr 
041 0 |a gre 
082 0 |a 307.76  |2 (22) 
100 1 |a Γιαννάδη, Ανθή. 
245 1 2 |a Η μετάβαση από μια βιομηχανική πόλη σε μια πόλη υπηρεσιών :  |b η περίπτωση του Λαυρίου : πτυχιακή εργασία /  |c Γιαννάδη Ανθή, Θεάκου Ευαγγελία ; υπεύθυνος καθηγητής Δελλαδέτσιμας Π. 
260 |a Μυτιλήνη :   |b Πανεπιστήμιο Αιγαίου, Τμήμα Γεωγραφίας,   |c 2003 
300 |a 119 σ.;  |b χάρτες;  |c 30 εκ. 
500 |a Μέλη εξεταστικής επιτροπής: Δελλαδέτσιμας Π., Ιωσηφίδης Θεόδωρος, Σουλακέλλης Νίκος 
502 |a Πτυχιακή εργασία – Πανεπιστήμιο Αιγαίου, Λέσβος, 2003. 
504 |a Βιβλιογραφία: σ. 116-119 
650 0 |a City planning  |z Greece  |z Laurio. 
650 0 |a Cities and towns  |z Greece  |z Laurio. 
650 0 |a Urban renewal  |z Greece  |z Laurio. 
650 0 0 |a Dissertations, Academic  |z Greece. 
700 1 |a Θεάκου, Ευαγγελία. 
700 1 |4 ths  |a Δελλαδέτσιμας, Παύλος Μαρίνος Α. 
710 2 |a Πανεπιστήμιο Αιγαίου.   |b Σχολή Κοινωνικών Επιστημών.   |b Τμήμα Γεωγραφίας. 
852 |a INST  |b LESVOS  |c DIATR  |e 20051122  |h 155  |p 005100033013  |q 005100033013  |t DIE  |y 23 
852 |a INST  |b LESVOS  |c DIATR  |e 20060201  |h 156  |p 005100034434  |q 005100034434  |t DIE  |y 23 
901 |a BIBL1-2005-3 
909 |a Λ  |b 121216 
909 |a Λ  |b 121217 
924 |a ΓΙΑΝΝΑΔΗ  |b ΑΝΘΗ  |y ΛΕΣΒΟΣ  |z 2003-06 
924 |a ΘΕΑΚΟΥ  |b ΕΥΑΓΓΕΛΙΑ  |y ΛΕΣΒΟΣ  |z 2003-06 
970 |a ΜΑΡΙΝΑΤΟΥ  |b ΜΥΡΣΙΝΗ  |z 2005/11/22